000 00307nam a2200133Ia 4500
008 240624s9999 xx 000 0 und d
041 _aeng
082 _a823 GIB
100 _aGIBSON FIONA
245 _aGREAT ESCAPE
260 _c2012
_aNew Delhi
_bAvon
300 _a389 : p. : cm. ; 20
365 _cRS
_b25
999 _c19912
_d19912